Mariano Marcos State University

University Library System

Morphology and characterization of synthesized hybrid organosilica materials incorporating a biphenyl moiety (Record no. 9778)

MARC details
000 -LEADER
fixed length control field 00645nam a22001697a 4500
003 - CONTROL NUMBER IDENTIFIER
control field OSt
005 - DATE AND TIME OF LATEST TRANSACTION
control field 20171010095525.0
008 - FIXED-LENGTH DATA ELEMENTS--GENERAL INFORMATION
fixed length control field 120824t xxu||||| |||| 00| 0 eng d
040 ## - CATALOGING SOURCE
Original cataloging agency MMSU
Transcribing agency ULS
100 ## - MAIN ENTRY--PERSONAL NAME
Personal name Virtudazo, Raymond R.
9 (RLIN) 12334
245 ## - TITLE STATEMENT
Title Morphology and characterization of synthesized hybrid organosilica materials incorporating a biphenyl moiety
Statement of responsibility, etc. Raymond R. Virtudazo
260 ## - PUBLICATION, DISTRIBUTION, ETC.
Date of publication, distribution, etc. 2006
300 ## - PHYSICAL DESCRIPTION
Extent xvii, 168 leaves
Dimensions 28 cm.
500 ## - GENERAL NOTE
General note Thesis (MS Materials Science & Engineering) -- University of the Philippines-College of Engineering, Diliman, Quezon City
504 ## - BIBLIOGRAPHY, ETC. NOTE
Bibliography, etc. note Bibliography: leaves 93-102
942 ## - ADDED ENTRY ELEMENTS (KOHA)
Source of classification or shelving scheme
Koha item type Thesis/Dissertation
Holdings
Withdrawn status Lost status Source of classification or shelving scheme Damaged status Not for loan Home library Current library Date acquired Total Checkouts Barcode Date last seen Price effective from Koha item type Public note
          REF REF 08/24/2012   477-Gr 10/10/2017 10/10/2017 Thesis/Dissertation Library Use only

© 2023 Mariano Marcos State University. All Rights Reserved.

Powered by Koha